Normal view MARC view
  • Botánica

Entry Materia

Number of records used in: 9

001 - NÚMERO DE CONTROL DEL REGISTRO

  • campo de control: 1149

003 - IDENTIFICADOR DE NUMERO DE CONTROL

  • campo de control: UPN

005 - FECHA Y HORA DE LA ÚLTIMA TRANSACCIÓN

  • campo de control: 20220526121030.0

008 - DATOS DE LONGITUD FIJA

  • campo de control de longitud fija: nabaccnnaabn|||||||||| b |nc|||||d

035 ## - NÚMERO DE CONTROL DEL SISTEMA

  • Número de control del sistema: UPN10000001149

040 ## - FUENTE DE LA CATALOGACIÓN

  • Lengua de catalogación: SPA
  • Agencia de transcripción: UPN
  • Centro catalogador de origen: UPN

046 ## - FECHAS CON CODIFICACIÓN ESPECIAL

  • Fecha final para contenidos agregados: 220526

150 ## - ENCABEZAMIENTO - TEMÁTICO

  • Término de materia o nombre geográfico como elemento inicial: Botánica
  • Subdivisión de materia general: Clasificación

450 ## - VÉASE - MATERIA

  • Encabezamiento temático: Clasificación -
  • Subdivisión temática general: Plantas

450 ## - VÉASE - MATERIA

  • Encabezamiento temático: Plantas -
  • Subdivisión temática general: Clasificación

450 ## - VÉASE - MATERIA

  • Encabezamiento temático: Botánica -
  • Subdivisión temática general: Taxonomía

670 ## - FUENTE EN LA QUE SE LOCALIZARON DATOS

  • Cita de la fuente: E

902 ## - CATALOGADOR

  • Catalogador: MEEG/210197